000 00316nam a2200121Ia 4500
008 190216s9999||||xx |||||||||||||| ||und||
100 _aWilliam J Goode
245 0 _aPrinciples Of Sociology
260 _bTata Mcgraw Hill Publishing Company Ltd
_c1977
300 _a543p
650 _aPolitical Science
942 _cBK
999 _c34836
_d34836